000 00262nam a2200109Ia 4500
008 190911s9999||||xx |||||||||||||| ||und||
100 _aMiller, Mark
245 0 _aInternet working; A guide to network
260 _aUSA
_bPearson
_c2000
300 _a530
942 _cBK
999 _c6664
_d6664